Fundamentals of applied functional analysis : distributions - Sobolev spaces - nonlinear elliptic equations

Αποθηκεύτηκε σε:
Λεπτομέρειες βιβλιογραφικής εγγραφής
Κύριος συγγραφέας: Mitrovic, Dragisa 1922-
Άλλοι συγγραφείς: Zubrinic, Darko
Μορφή: Βιβλίο
Γλώσσα:English
Δημοσίευση: Reading, Mass. : Addison Wesley Longman, 1997
Σειρά:Pitman monographs and surveys in pure and applied mathematics ; ; 91
Θέματα:
Ετικέτες: Προσθήκη ετικέτας
Δεν υπάρχουν, Καταχωρήστε ετικέτα πρώτοι!

MARC

LEADER 00000nam a2200000 i 4500
001 1/104065
008 000306s1998 eng d
020 |a 0582246946 
035 |l 10058705 
040 |a GR-MY-UA  |b gre  |e aacr 
041 0 |a eng 
082 0 |a 515.7 
100 1 |a Mitrovic, Dragisa  |d 1922- 
245 1 0 |a Fundamentals of applied functional analysis :  |b distributions - Sobolev spaces - nonlinear elliptic equations /  |c Dragisa Mitrovic and Darko Zubrinic 
260 |a Reading, Mass. :   |b Addison Wesley Longman,   |c 1997 
300 |a 399 p.;  |c 24 cm. 
490 1 |a Pitman monographs and surveys in pure and applied mathematics  |v ; 91 
504 |a Includes bibliographical references and index 
650 0 0 |a Functional analysis. 
700 1 |a Zubrinic, Darko. 
830 0 |a Pitman monographs and surveys in pure and applied mathematics ;  |v ; 91 
852 |a INST  |b SAMOS  |e 20000306  |h 515.7 MIT  |p 005300016075  |q 005300016075  |t BK  |y 0 
901 |a BIBL3-2000-1 
909 |a Σ  |b 067551 
922 |a 3ΕΛΗ  |b 199912  |c ΕΠΕΑΕΚ/ΜΑΘ  |d ΠΑΠΑΣΩΤΗΡΙΟΥ 
970 |a ΓΕΝΟΥΖΟΥ  |b ΧΡΥΣΑΝΘΗ  |z 2000/03/06